Els vitralls anglesos del Palau Güell : conferència conferència
Descripción Física:
1 díptic ; il·lustracions color ; 15 x 21 cm
Idioma:
Catalán
MARC
| LEADER | 00000nam a22000007a 4500 | ||
|---|---|---|---|
| 001 | 27932 | ||
| 003 | Arxiu | ||
| 005 | 20260324181517.0 | ||
| 008 | 230523b spa||||| |||| 00| 0 cat d | ||
| 017 | |a B 14809-2019 | ||
| 040 | |a agdb |b cat | ||
| 245 | |a Els vitralls anglesos del Palau Güell : |b conferència | ||
| 260 | |a Barcelona : |a Palau Güell : |b Diputació de Barcelona ; |c 2019 | ||
| 300 | |a 1 díptic ; |b il·lustracions color ; |c 15 x 21 cm | ||
| 500 | |a Conferència realitzada el 3 de juny de 2019, a càrrec de la doctora en Historia de l'Art Núria Gil i el restaurador de vitralls Jordi Bonet amb motiu del Dia Internacional del Modernisme. | ||
| 610 | 2 | 0 | |9 52964 |a Palau Güell (Barcelona) |x Activitats culturals |
| 650 | 0 | |9 52654 |a Vitralls |z Barcelona (Catalunya) | |
| 710 | 2 | |9 17034 |a Palau Güell (Barcelona) | |
| 710 | 1 | |a Barcelona (Catalunya : Província). |b Diputació |9 52408 | |
| 942 | |2 udc |c ARXIU |n 1 | ||
| 952 | |0 0 |1 0 |2 udc |4 0 |6 FU75126 |7 1 |9 66400 |a Arxiu |b Arxiu |d 2023-05-23 |l 0 |o FU-75-126 |p 27932 |r 2023-05-23 00:00:00 |w 2023-05-23 |y ARXIU | ||
| 999 | |c 83745 |d 83745 | ||